000 00298nam a22001337a 4500
008 171017b xxu||||| |||| 00| 0 eng d
020 _a0030133319
041 _aeng
080 _a331.101.262
100 _a52
101 _aBNJ
245 _aBEHAVIORAL RESEARCH
_cKERLINGER,F.N
942 _2udc
_cBK
999 _c34283
_d34283